Statistics for Biggest Country by Area by Continent

Click here to take the quiz!

General Stats

  • This quiz has been taken 94 times
    (32 since last reset)
  • The average score is 6 of 6

Answer Stats

ContinentCountry% Correct
OceaniaAustralia
100%
North AmericaCanada
100%
AsiaRussia
100%
AfricaAlgeria
97%
South AmericaBrazil
97%
EuropeRussia
93%

Score Distribution

Percentile by Number Answered

Percent of People with Each Score

Your Score History

You have not taken this quiz since the last reset